000
00265nam a22001097a 4500
082
_a
629.1 AER'W
100
_a
WRIGHT, P.A
_9
80213
245
_a
AEROSPACE STRUCTURAL METALS HANDBOOK
260
_a
NEWYORK
_b
SYRACUSE
_c
1966
300
_a
CODE 1608-PAGE 3
942
_c
BK
999
_c
585174
_d
585174